000
00344 a2200157 4500
001
73507
020
_a
040
_c
Anchieta - Colégio São Paulo
100
_a
Amado, Jorge
240
1
0
_a
Os velhos marinheiros
_l
por
245
1
0
_a
Os velhos marinheiros
300
_a
321
362
0
_a
1967
650
4
_a
Ficção brasileira
942
_c
BK
999
_c
73507
_d
73507